| Tag |
First Indicator |
Second Indicator |
Subfields |
| LEADER |
00000cam a2200000Ka 4500 |
| 001 |
in00003510613 |
| 006 |
m o d |
| 007 |
cr bn||||||abp |
| 007 |
cr bn||||||ada |
| 008 |
100413s2002 gw a ob 001 0 eng d |
| 005 |
20260421181857.1 |
| 019 |
|
|
|a 646638142
|
| 020 |
|
|
|a 9783540468714 (electronic bk.)
|
| 020 |
|
|
|a 3540468714 (electronic bk.)
|
| 020 |
|
|
|z 3540430237 (alk. paper)
|
| 020 |
|
|
|z 9783540430230 (alk. paper)
|
| 035 |
|
|
|a (OCoLC)606740341
|z (OCoLC)646638142
|
| 040 |
|
|
|a OCLCE
|b eng
|e pn
|c OCLCE
|d OCLCQ
|d OCLCO
|d OCLCQ
|d OCLCF
|d GW5XE
|d UtOrBLW
|
| 042 |
|
|
|a dlr
|
| 049 |
|
|
|a TXAM
|
| 050 |
|
4 |
|a TA418.72
|b .S49 2002
|
| 072 |
|
7 |
|a TA
|2 lcco
|
| 082 |
0 |
4 |
|a 620.1
|2 21
|
| 084 |
|
|
|a MAS 110f
|2 stub
|
| 084 |
|
|
|a MTA 010f
|2 stub
|
| 084 |
|
|
|a ZL 3750
|2 rvk
|
| 084 |
|
|
|a ZL 3760
|2 rvk
|
| 100 |
1 |
|
|a Sextro, Walter,
|d 1962-
|
| 245 |
1 |
0 |
|a Dynamical contact problems with friction :
|b models, methods, experiments, and applications /
|c Walter Sextro.
|
| 264 |
|
1 |
|a Berlin ;
|a New York :
|b Springer,
|c 2002.
|
| 300 |
|
|
|a 1 online resource (viii, 157 pages) :
|b illustrations.
|
| 336 |
|
|
|a text
|b txt
|2 rdacontent
|
| 337 |
|
|
|a computer
|b c
|2 rdamedia
|
| 338 |
|
|
|a online resource
|b cr
|2 rdacarrier
|
| 490 |
1 |
|
|a Lecture notes in applied mechanics ;
|v v. 3
|
| 504 |
|
|
|a Includes bibliographical references and index.
|
| 538 |
|
|
|a Master and use copy. Digital master created according to Benchmark for Faithful Digital Reproductions of Monographs and Serials, Version 1. Digital Library Federation, December 2002.
|u http://purl.oclc.org/DLF/benchrepro0212
|5 MiAaHDL
|
| 583 |
1 |
|
|a digitized
|c 2010
|h HathiTrust Digital Library
|l committed to preserve
|2 pda
|5 MiAaHDL
|
| 588 |
|
|
|a Description based on print version record.
|
| 505 |
0 |
|
|a Introduction -- Dynamical Description of Elastic Bodies -- Point Contact Model -- Dynamics of Oscillators with Elastic Contact and Friction -- Friction Damping of Elastic Structures -- Rolling Contact -- Conclusion.
|
| 520 |
|
|
|a The aim of this book is to describe an efficient procedure to model dynamical contact problems with friction. This procedure is applied to different practical problems and verified by experiments. Friction contacts are used to transmit forces or to dissipate energy. Examples for dynamical engineering systems with friction are brakes, machine tools, motors, turbines, bearings or wheel-rail systems. A better understanding of friction phenomena can result in improvements like the reduction of noise and maintenance costs, increased life time of machines and improved energy efficiency. Dependent on the features of the friction contact, different contact models and solution methods are applied. The dynamics of elastic bodies in contact are described by a reduced order model through the so called modal description.
|
| 500 |
|
|
|a Electronic resource.
|
| 650 |
|
0 |
|a Friction.
|
| 650 |
|
0 |
|a Dynamics.
|
| 650 |
0 |
7 |
|a Kontakt (Reibung)
|2 swd
|
| 650 |
|
7 |
|a Dynamics.
|2 fast
|0 (OCoLC)fst00900295
|
| 650 |
|
7 |
|a Friction.
|2 fast
|0 (OCoLC)fst00935123
|
| 655 |
|
7 |
|a Electronic books.
|2 local
|
| 710 |
2 |
|
|a SpringerLink (Online service)
|
| 776 |
1 |
8 |
|i Print version:
|a Sextro, Walter, 1962-
|t Dynamical contact problems with friction.
|d Berlin ; New York : Springer, 2002
|w (DLC) 2002017037
|w (OCoLC)48920337
|
| 830 |
|
0 |
|a Lecture notes in applied mechanics ;
|v v. 3.
|
| 856 |
4 |
0 |
|u http://proxy.library.tamu.edu/login?url=https://link.springer.com/10.1007/978-3-540-46871-4
|z Connect to the full text of this electronic book
|t 0
|
| 994 |
|
|
|a 92
|b TXA
|
| 999 |
|
|
|a MARS
|
| 999 |
f |
f |
|s a338be5a-07fa-3358-b4bd-46ee8d900e53
|i 1595025f-feff-374c-a56e-d3ede857f250
|t 0
|
| 952 |
f |
f |
|a Texas A&M University
|b College Station
|c Electronic Resources
|s www_evans
|d Available Online
|t 0
|e TA418.72 .S49 2002
|h Library of Congress classification
|
| 998 |
f |
f |
|a TA418.72 .S49 2002
|t 0
|l Available Online
|